00746nam a22001937a 450000500170000000800410001702000180005808200170007610000490009324500410014226000560018330000110023949000320025050000200028265000250030294200070032799900170033495202010035120260601125847.0260601b |||||||| |||| 00| 0 eng d a9781118445594 a332.6bPAC-P aPACHAMANOVA, DESSISLAVA A. aFRANKJ. FABOZZI aPortfolio Construction and Analytics aNew JerseybJohn Wiley & Sons, Inc., Hoboken,c2016 a626 p. aThe Frank J. Fabozzi Series aInlcudes Index. aBUSINESS & ECONOMICS cBK c47630d47630 00w2026-06-011040708Business AdministrationaAUKCbAUKCcEconomicsd2026-04-09eAli Book Servicesg3508.00iKA/10221l1o332.6 PAC-PpAUKHP0692q2026-08-02r2026-06-03 11:50:05s2026-06-03yBK